1512 1449 1504 1124 1185 1493 1302 1742 1081 1142 1130 1570 1429 1983 1986 1764 1700 1066 1821 1799 1316 1601 1296 1849 1813 1035 1238 1914 1324 1509 1900 1807 1485 1802 1064 1312 1894 1998 1254 1568 1838 1009 1209 1742 1819 1843 1524 1317 1522 1314 1721 1967 1539 1804 1811 1861 1975 1724 1793 1718 1717 1330 1209 1249 1767 1319 1190 1100 1249 1523 1276 1708 1253 1434 1897 1658 1712 1855 1635 1654 1668 1889 1258 1587 1894 1568 1493 1420 1707 1792 1006 1218 1437 1641 1176 1474 1267 1702 1351 BCNSPRNW ULIB Ver.6.0+V

เปลี่ยนเป็นภาษาไทย

Change to English
 แสดงรายละเอียดบรรณานุกรม
  กลับหน้าหลัก

Brief Record : Get Marc (ISO 2709) : E-mail record : QR code < ปิดหน้าต่าง
LEADER : 00000nam 2200000uu 4500
001    13399114343
003     ULIB
008    120323s2552||||th 000 0 tha d
020    ^a9786117190100
090    ^aนว.^bศ441ส 2552
100 0  ^aศิรวัศยา
245 00 ^aสวรรค์สายสวาท/^cศิรวัศยา
250    ^aพิมพ์ครั้งที่ 1
260    ^aกรุงเทพฯ :^bอินเลิฟ,^c2552
300    ^a221 หน้า
710 1  ^aอินเลิฟ
945    ^p0^l0^i15909
995    ^aกัณชพร
999    ^aใช้งานได้ทุกระบบ
รายการนี้ยังไม่มีแท็ก
คุณยังไม่ได้ล็อกอิน คุณสามารถมีกิจกรรมร่วมกับเว็บไซต์ได้ แต่ต้องล็อกอินก่อน ::
  ล็อกอิน

รายการสื่อสารสนเทศ

ลำดับที่ ประเภท เลขเรียก/บาร์โค้ด สถานที่ สถานะ
1. นวนิยาย
นวนิยาย
นว. ศ441ส 2552  
  Barcode: 15909
ห้องสมุดวิทยาเขตสวรรค์ประชารักษ์
►นวนิยาย
บนชั้น
  ขอยืม

BibComment


ยังไม่เคยถูกคอมเมนท์

คอมเมนท์ทรัพยากรรายการนี้
  คอมเมนท์: สวรรค์สายสวาท ศิ..


 Copyright 2026. Bcnsprnw @Library